[Event "DEM U14w 2009"]
[Site "Willingen GER"]
[Date "2009.06.01"]
[Round "3"]
[White "Polert, Annika"]
[Black "Gamisch, Laura"]
[Result "0-1"]
[Termination "normal"]
[Board "6"]
[WhiteElo "1487"]
[BlackElo "1744"]
[PlyCount "76"]
[WhiteFideId "24692328"]
[BlackFideId "24615161"]
[EventCountry "GER"]
[EventRounds "9"]
[EventType "swiss"]
[EventDate "2009.05.30"]

1. c4 c6 2. d4 d5 3. e3 e6 4. Nc3 Nf6 5. Qc2 Be7 6. Nf3 O-O 7. Bd3 h6 8. O-O b6
9. Rd1 Nbd7 10. b3 Bb7 11. Bb2 Qc7 12. cxd5 exd5 13. Rac1 Rac8 14. h3 Rfe8 15.
Bf5 Bd6 16. a3 Ba6 17. Nd2 Rcd8 18. Bd3 Bxd3 19. Qxd3 Qb7 20. b4 a6 21. Rc2 Rc8
22. Rdc1 Nf8 23. Qf5 Ng6 24. e4 Nh4 25. Qxc8 Qxc8 26. e5 Qe6 27. exd6 Qxd6 28.
Na4 Re2 29. Nc3 Re6 30. Nb3 Qe7 31. Kf1 Nd7 32. Re2 Rxe2 33. Nxe2 Qe4 34. f3
Qg6 35. g3 Nxf3 36. Kg2 Qe4 37. Kf2 Ng5 38. h4 Qf5+ 0-1

[Event "DEM U14w 2009"]
[Site "Willingen GER"]
[Date "2009.06.01"]
[Round "3"]
[White "Marx, Inga"]
[Black "Schmitt, Katrin"]
[Result "1-0"]
[Termination "normal"]
[Board "7"]
[WhiteElo "1460"]
[BlackElo "1606"]
[PlyCount "121"]
[WhiteFideId "4654749"]
[BlackFideId "24654400"]
[EventCountry "GER"]
[EventRounds "9"]
[EventType "swiss"]
[EventDate "2009.05.30"]

1. e4 e5 2. Nf3 Nc6 3. Bb5 a6 4. Ba4 Nf6 5. d3 d6 6. O-O Be7 7. c3 b5 8. Bb3
O-O 9. Nbd2 Bg4 10. Re1 Na5 11. Bc2 c5 12. h3 Bd7 13. Nf1 Re8 14. Ng3 Bf8 15.
Qe2 g6 16. Nh2 Bg7 17. Kh1 Nc6 18. Qf1 b4 19. f4 Qc7 20. f5 Bc8 21. Bg5 Nd7 22.
Bb3 Nb6 23. fxg6 hxg6 24. Bd1 Rf8 25. Bf6 Bxf6 26. Qxf6 Qe7 27. Rf1 Nd7 28. Qf3
bxc3 29. bxc3 Nd8 30. Rb1 Ne6 31. Bb3 Nf4 32. Ne2 Ne6 33. Ng4 Kg7 34. Qe3 Rh8
35. Bd5 Ra7 36. Bc6 Rc7 37. Bxd7 Rxd7 38. Nf6 Ra7 39. Nd5 Qg5 40. Qf3 Rf8 41.
Ne3 Nc7 42. Rb6 Qe7 43. Nc4 Rd8 44. Rxd6 Rxd6 45. Nxd6 Be6 46. Nf5+ gxf5 47.
exf5 Bxf5 48. Qxf5 Nd5 49. Qe4 Nf6 50. Qf3 Qe6 51. Ng3 Nd5 52. Nh5+ Kf8 53. c4
Nb4 54. Qe2 Qd6 55. Rf3 Rd7 56. Nf6 Rd8 57. Ne4 Qd4 58. Ng5 Qa1+ 59. Rf1 Qxa2
60. Rxf7+ Kg8 61. Qxe5 1-0

[Event "DEM U14w 2009"]
[Site "Willingen GER"]
[Date "2009.06.01"]
[Round "3"]
[White "Spangenberg, Romy"]
[Black "Berger, Nadja"]
[Result "1-0"]
[Termination "normal"]
[Board "8"]
[WhiteElo "1453"]
[BlackElo "1598"]
[PlyCount "135"]
[WhiteFideId "4627997"]
[BlackFideId "24692212"]
[EventCountry "GER"]
[EventRounds "9"]
[EventType "swiss"]
[EventDate "2009.05.30"]

1. e4 e6 2. d4 d5 3. Nc3 Nc6 4. Nf3 Nf6 5. e5 Ne4 6. Bd3 Bb4 7. Bd2 Nxd2 8.
Qxd2 Qe7 9. a3 Ba5 10. O-O Bd7 11. Qe3 Bb6 12. Ne2 O-O-O 13. Nc3 Kb8 14. b3 a6
15. b4 Na7 16. Rfb1 c6 17. Na4 Bc7 18. Nc5 h6 19. a4 Bb6 20. Nd2 f5 21. c4 Rhe8
22. b5 dxc4 23. Nxc4 Bxc5 24. dxc5 cxb5 25. Nd6 Rf8 26. axb5 axb5 27. c6 Nxc6
28. Bxb5 Kc7 29. Bxc6 Bxc6 30. Qb6+ Kd7 31. Qxb7+ Bxb7 32. Rxb7+ Kc6 33. Rxe7
Ra8 34. Rxa8 Rxa8 35. g3 Kd5 36. Rxg7 Kxe5 37. Nc4+ Kd4 38. Ne3 Rh8 39. g4 f4
40. Ng2 e5 41. Rf7 Rg8 42. h3 Ke4 43. Rf5 Rd8 44. Ne1 Rd1 45. Kf1 Rd6 46. f3+
Kd4 47. g5 Rg6 48. h4 hxg5 49. Rxg5 Rh6 50. Ng2 Rb6 51. Rg8 Rb1+ 52. Ne1 Rb2
53. Rd8+ Kc4 54. Rh8 Kd4 55. h5 Rh2 56. h6 Ke3 57. Kg1 Re2 58. Ng2+ Kxf3 59.
Rg8 Ke4 60. h7 f3 61. h8=Q fxg2 62. Rxg2 Re3 63. Kf1 Kd3 64. Qd8+ Kc4 65. Rc2+
Kb3 66. Qc7 Rf3+ 67. Ke2 Rh3 68. Qc4+ 1-0

[Event "DEM U14w 2009"]
[Site "Willingen GER"]
[Date "2009.06.01"]
[Round "3"]
[White "Lange, Anika"]
[Black "Lehmann, Patricia"]
[Result "0-1"]
[Termination "normal"]
[Board "10"]
[WhiteElo "1275"]
[BlackElo "1378"]
[PlyCount "100"]
[WhiteFideId "24693405"]
[BlackFideId "12900060"]
[EventCountry "GER"]
[EventRounds "9"]
[EventType "swiss"]
[EventDate "2009.05.30"]

1. e4 c5 2. Nc3 d6 3. g3 Nf6 4. Bg2 Nc6 5. f4 g6 6. Nf3 Bg7 7. O-O O-O 8. d3
Bg4 9. h3 Bd7 10. Be3 Qc8 11. Kh2 a6 12. e5 Ne8 13. Nd5 Rb8 14. Nb6 Qd8 15.
Nxd7 Qxd7 16. d4 cxd4 17. Nxd4 dxe5 18. Nxc6 Qxd1 19. Raxd1 bxc6 20. b3 Rc8 21.
Rd7 exf4 22. Rxf4 Bh6 23. Rf3 Bxe3 24. Rxe3 e6 25. Rc3 c5 26. Bb7 Rb8 27. Bxa6
Nf6 28. Rb7 Ra8 29. Bb5 Rxa2 30. Rxc5 Rd8 31. Bd3 Rxd3 32. Rb8+ Kg7 33. Kg2 Nd7
34. Rbc8 Nxc5 35. Rxc5 Rxb3 36. Kf2 Rbb2 37. Ke3 Rxc2 38. Rxc2 Rxc2 39. Ke4 Rc3
40. Kf4 Kf6 41. h4 e5+ 42. Ke4 Rxg3 43. Kd5 g5 44. hxg5+ Rxg5 45. Ke4 h5 46.
Kf3 h4 47. Kf2 h3 48. Kf1 Rg2 49. Ke1 h2 50. Kf1 h1=Q# 0-1

[Event "DEM U14w 2009"]
[Site "Willingen GER"]
[Date "2009.06.01"]
[Round "3"]
[White "Schünemann, Anne"]
[Black "Düssler, Stefanie"]
[Result "0-1"]
[Termination "normal"]
[Board "11"]
[WhiteElo "1102"]
[BlackElo "1681"]
[PlyCount "64"]
[BlackFideId "4634780"]
[EventCountry "GER"]
[EventRounds "9"]
[EventType "swiss"]
[EventDate "2009.05.30"]

1. d4 e6 2. e4 d5 3. Nc3 Nf6 4. Bg5 Be7 5. e5 Nfd7 6. Bxe7 Qxe7 7. f4 a6 8. Nf3
c5 9. dxc5 Nxc5 10. Qd2 Nc6 11. O-O-O b5 12. Bd3 Bd7 13. Rhe1 O-O 14. g3 b4 15.
Nb1 Rfb8 16. Qg2 h6 17. g4 a5 18. Qh3 f6 19. g5 fxg5 20. Nxg5 Nxd3+ 21. Rxd3
hxg5 22. Qh5 Be8 23. Qg4 Bg6 24. Rg3 Rf8 25. fxg5 Rf2 26. Qh4 Rxc2+ 27. Kd1 Qc5
28. Nc3 bxc3 29. Rh3 Qd4+ 30. Qxd4 Nxd4 31. bxc3 Rb8 32. cxd4 Rb1# 0-1

[Event "DEM U14w 2009"]
[Site "Willingen GER"]
[Date "2009.06.01"]
[Round "3"]
[White "Puffay, Jana"]
[Black "Liez, Franziska"]
[Result "1-0"]
[Termination "normal"]
[Board "12"]
[WhiteElo "1204"]
[BlackElo "1037"]
[PlyCount "99"]
[WhiteFideId "24692360"]
[BlackFideId "1271766"]
[EventCountry "GER"]
[EventRounds "9"]
[EventType "swiss"]
[EventDate "2009.05.30"]

1. e4 e5 2. Nf3 Nc6 3. Bc4 Nf6 4. d3 Bc5 5. c3 a6 6. Bb3 O-O 7. Nbd2 Ba7 8. O-O
d6 9. h3 Be6 10. Bc2 Re8 11. Re1 Qd7 12. Nf1 d5 13. Qe2 Rad8 14. Ng3 Qd6 15.
Nh4 d4 16. Nhf5 Bxf5 17. Nxf5 Qe6 18. Bb3 Qd7 19. Bg5 Kh8 20. Bxf6 gxf6 21. Qf3
Na5 22. Nh6 Kg7 23. Nf5+ Kh8 24. Qg4 Rg8 25. Qh4 Rg6 26. Bd1 Qe6 27. Bh5 Rg5
28. Nh6 Rg7 29. c4 b5 30. b3 Rb8 31. Bg4 Qc6 32. Nf5 Rg5 33. g3 Bc5 34. f4 exf4
35. gxf4 Rg6 36. Rab1 Bb4 37. Re2 Nb7 38. Rbb2 Ra8 39. Rg2 Rag8 40. Nh6 R8g7
41. Bf5 Nd8 42. Bxg6 fxg6 43. f5 Be7 44. Qg4 Nf7 45. Nxf7+ Rxf7 46. fxg6 Rg7
47. Qc8+ Bd8 48. Qxd8+ Qe8 49. Qxe8+ Rg8 50. g7# 1-0

[Event "DEM U14w 2009"]
[Site "Willingen GER"]
[Date "2009.06.01"]
[Round "3"]
[White "Röhlich, Anna"]
[Black "Ludwig, Maria"]
[Result "1-0"]
[Termination "normal"]
[Board "13"]
[WhiteElo "1175"]
[BlackElo "887"]
[PlyCount "57"]
[BlackFideId "24655791"]
[EventCountry "GER"]
[EventRounds "9"]
[EventType "swiss"]
[EventDate "2009.05.30"]

1. e4 e5 2. Nf3 Nc6 3. Bc4 Bc5 4. c3 Nf6 5. d4 exd4 6. cxd4 Bb4+ 7. Nc3 Nxe4 8.
O-O Bxc3 9. d5 Bf6 10. Re1 Ne7 11. Rxe4 d6 12. Bg5 Bxg5 13. Nxg5 h6 14. Qe2
hxg5 15. Re1 Be6 16. dxe6 f6 17. Bb3 c6 18. Qd3 Qc7 19. R4e3 Qa5 20. Rd1 O-O-O
21. a3 f5 22. Qc3 Qxc3 23. Rxc3 f4 24. Bc2 g4 25. g3 fxg3 26. fxg3 Nd5 27. Rxd5
Rhe8 28. Bf5 Kb8 29. Rd1 1-0

[Event "DEM U14w 2009"]
[Site "Willingen GER"]
[Date "2009.06.02"]
[Round "4"]
[White "Rethmann, Kristin"]
[Black "Schäfer, Daniela"]
[Result "1/2-1/2"]
[Termination "normal"]
[Board "1"]
[WhiteElo "1748"]
[BlackElo "1905"]
[PlyCount "47"]
[WhiteFideId "24655805"]
[BlackFideId "4624769"]
[EventCountry "GER"]
[EventRounds "9"]
[EventType "swiss"]
[EventDate "2009.05.30"]

1. e4 d5 2. exd5 Nf6 3. Nc3 Nxd5 4. Bc4 c6 5. d4 g6 6. Nge2 Nb6 7. Bb3 Bg7 8.
Bf4 N8d7 9. Ne4 O-O 10. Qd2 Nf6 11. Nxf6+ Bxf6 12. h4 h5 13. O-O-O Nd5 14. Bg5
Bg7 15. f3 Bh8 16. Qe1 Bf6 17. Bxf6 Nxf6 18. Qg3 Qd6 19. Qg5 Kg7 20. Rdg1 Nh7
21. Qe3 Nf6 22. Qg5 Nh7 23. Qe3 Nf6 24. Qg5 1/2-1/2

[Event "DEM U14w 2009"]
[Site "Willingen GER"]
[Date "2009.06.02"]
[Round "4"]
[White "Schätz, Bianca"]
[Black "Kühnel, Lena"]
[Result "1/2-1/2"]
[Termination "normal"]
[Board "2"]
[WhiteElo "1458"]
[BlackElo "1728"]
[PlyCount "117"]
[WhiteFideId "24655821"]
[BlackFideId "24640956"]
[EventCountry "GER"]
[EventRounds "9"]
[EventType "swiss"]
[EventDate "2009.05.30"]

1. d4 d5 2. Nf3 Nf6 3. e3 e6 4. Bd3 Nbd7 5. b3 Bd6 6. Bb2 O-O 7. O-O c5 8. Ne5
Be7 9. Nd2 Nxe5 10. dxe5 Nd7 11. f4 f5 12. Rf2 Qe8 13. g4 g6 14. Rg2 Kh8 15.
gxf5 gxf5 16. Qf3 b6 17. Qg3 Rg8 18. Qxg8+ Qxg8 19. Rxg8+ Kxg8 20. Nf3 h6 21.
Kf2 Kf7 22. Rg1 Bb7 23. Be2 Rg8 24. Rxg8 Kxg8 25. Kg3 Kg7 26. Nh4 Nf8 27. Ba1
Ng6 28. Nxg6 Kxg6 29. Bb2 Bc6 30. a4 Kf7 31. Bh5+ Kf8 32. Be2 Ke8 33. Kf2 Bh4+
34. Kf1 Kd7 35. Bd3 Kc7 36. Ba3 Be7 37. Ke1 Kb7 38. Kd2 a6 39. Bb2 b5 40. axb5
axb5 41. Bf1 Bh4 42. h3 Bd8 43. c3 Kb6 44. b4 Be7 45. Ba3 c4 46. Be2 Be8 47.
Ke1 Bh4+ 48. Kf1 Kc7 49. Bc1 Kd7 50. Bd2 Ke7 51. Be1 Bxe1 52. Kxe1 Kf7 53. Bh5+
Kf8 54. Bxe8 Kxe8 55. Kf2 Kf7 56. Kg3 Kg6 57. Kh4 Kg7 58. Kh5 Kh7 59. Kh4
1/2-1/2

[Event "DEM U14w 2009"]
[Site "Willingen GER"]
[Date "2009.06.02"]
[Round "4"]
[White "Pohl, Theresa"]
[Black "Kostré, Margarita"]
[Result "1-0"]
[Termination "normal"]
[Board "3"]
[WhiteElo "1700"]
[BlackElo "1747"]
[PlyCount "117"]
[BlackFideId "4673344"]
[EventCountry "GER"]
[EventRounds "9"]
[EventType "swiss"]
[EventDate "2009.05.30"]

1. d4 Nf6 2. c4 g6 3. Nc3 Bg7 4. e4 d6 5. f4 c5 6. d5 O-O 7. Nf3 e6 8. Bd3 exd5
9. cxd5 b5 10. O-O c4 11. Bc2 b4 12. Ne2 Re8 13. Ng3 Qb6+ 14. Qd4 Qxd4+ 15.
Nxd4 Nxe4 16. Nb5 Nxg3 17. hxg3 Ba6 18. Nc7 Rc8 19. Nxa8 c3 20. Re1 cxb2 21.
Bxb2 Bxb2 22. Rab1 Bc3 23. Re7 Bd4+ 24. Kh2 Rxc2 25. Re8+ Kg7 26. Rxb8 Rc5 27.
R8xb4 Rxd5 28. g4 Bd3 29. Rd1 Bc5 30. Nc7 Bxb4 31. Nxd5 Be2 32. Rb1 Bc5 33. Kg3
Bc4 34. Nc3 a5 35. Rd1 Bb4 36. Rd4 Be6 37. Nb5 Bc5 38. Ra4 Bd7 39. Rxa5 Bb4 40.
Ra4 Be1+ 41. Kh3 Bxb5 42. Rd4 Kf8 43. Rxd6 Ke7 44. Rd5 Bd7 45. Re5+ Kf6 46.
Rxe1 h5 47. Kh4 Bxg4 48. a4 Kf5 49. a5 Kxf4 50. Rf1+ Ke5 51. a6 Bc8 52. a7 Bb7
53. Rxf7 Bxg2 54. Rf8 Ke6 55. Kg5 Ke7 56. a8=Q Bxa8 57. Rxa8 Kf7 58. Ra6 Kg7
59. Ra7+ 1-0

[Event "DEM U14w 2009"]
[Site "Willingen GER"]
[Date "2009.06.02"]
[Round "4"]
[White "Kuckling, Hannah"]
[Black "Gamisch, Laura"]
[Result "1/2-1/2"]
[Termination "normal"]
[Board "4"]
[WhiteElo "1525"]
[BlackElo "1744"]
[PlyCount "108"]
[WhiteFideId "24603660"]
[BlackFideId "24615161"]
[EventCountry "GER"]
[EventRounds "9"]
[EventType "swiss"]
[EventDate "2009.05.30"]

1. e4 c5 2. c3 Nf6 3. e5 Nd5 4. Bc4 Nb6 5. Bb3 c4 6. Bc2 Nc6 7. Nf3 d6 8. exd6
Qxd6 9. O-O Bg4 10. d4 cxd3 11. Bxd3 Rd8 12. Be2 Qxd1 13. Rxd1 Rxd1+ 14. Bxd1
e6 15. h3 Bh5 16. g4 Bg6 17. Bf4 Nd5 18. Bg3 Bc5 19. Nbd2 O-O 20. Nc4 Rd8 21.
Nce5 Nde7 22. b4 Bd6 23. a3 Bb8 24. Bb3 Be4 25. Nxc6 Nxc6 26. Bxb8 Nxb8 27. Ne1
Nc6 28. f3 Bg6 29. f4 Be4 30. Rd1 Rxd1 31. Bxd1 Ne7 32. c4 Ng6 33. Kf2 Nxf4 34.
h4 f5 35. h5 Kf7 36. Bf3 Nd3+ 37. Nxd3 Bxd3 38. c5 Ba6 39. a4 b6 40. b5 Bc8 41.
gxf5 exf5 42. cxb6 axb6 43. a5 bxa5 44. b6 a4 45. b7 Bxb7 46. Bxb7 Ke6 47. Ba6
Kf6 48. Bc4 Kg5 49. Bf7 a3 50. Kg3 a2 51. Bxa2 Kxh5 52. Kf4 g6 53. Be6 Kh4 54.
Bxf5 gxf5 1/2-1/2

[Event "DEM U14w 2009"]
[Site "Willingen GER"]
[Date "2009.06.02"]
[Round "4"]
[White "Lehmann, Patricia"]
[Black "Marx, Inga"]
[Result "1/2-1/2"]
[Termination "normal"]
[Board "6"]
[WhiteElo "1378"]
[BlackElo "1460"]
[PlyCount "114"]
[WhiteFideId "12900060"]
[BlackFideId "4654749"]
[EventCountry "GER"]
[EventRounds "9"]
[EventType "swiss"]
[EventDate "2009.05.30"]

1. d4 d5 2. c4 Nf6 3. Nc3 e6 4. Nf3 Be7 5. Bg5 O-O 6. e3 Nbd7 7. Be2 h6 8. Bh4
b6 9. O-O Bb7 10. Rc1 c5 11. a3 a5 12. Re1 Rc8 13. Nb5 Ne4 14. Bxe7 Qxe7 15.
Bd3 Nd6 16. Nxd6 Qxd6 17. Be2 Rfd8 18. Qd2 Nf6 19. dxc5 Rxc5 20. cxd5 Rxd5 21.
Qc2 Rc8 22. Qb3 Rdc5 23. Rxc5 Rxc5 24. Rd1 Qc7 25. h3 Bd5 26. Qd3 b5 27. Nd4
Bc4 28. Qb1 Bxe2 29. Nxe2 e5 30. Rc1 Rxc1+ 31. Qxc1 Qxc1+ 32. Nxc1 Nd5 33. Kf1
Kf8 34. Ke2 Ke7 35. b3 e4 36. a4 bxa4 37. bxa4 Nc3+ 38. Kd2 Nxa4 39. Nb3 Kd6
40. Nxa5 f5 41. Kc2 Kd5 42. Nb3 g6 43. h4 g5 44. Nd4 Ke5 45. hxg5 hxg5 46. Nc6+
Kf6 47. Kb3 Nc5+ 48. Kc3 Nd3 49. f3 exf3 50. gxf3 Ne5 51. Nxe5 Kxe5 52. Kd3 Kd5
53. Ke2 Kc5 54. Kd2 Kd5 55. Ke2 g4 56. e4+ Ke5 57. exf5 Kxf5 1/2-1/2

[Event "DEM U14w 2009"]
[Site "Willingen GER"]
[Date "2009.06.02"]
[Round "4"]
[White "Schäfer, Ann-Kathrin"]
[Black "Zeller, Elisa"]
[Result "0-1"]
[Termination "normal"]
[Board "7"]
[WhiteElo "1647"]
[BlackElo "1662"]
[PlyCount "50"]
[WhiteFideId "24615412"]
[BlackFideId "24662410"]
[EventCountry "GER"]
[EventRounds "9"]
[EventType "swiss"]
[EventDate "2009.05.30"]

1. e4 d6 2. d4 g6 3. Nf3 Bg7 4. Bc4 Nf6 5. Nc3 O-O 6. O-O Bg4 7. h3 Bxf3 8.
Qxf3 c6 9. Bf4 Nh5 10. Be3 Nd7 11. Rad1 Qc7 12. Bg5 Nb6 13. Bb3 a5 14. a3 Nf6
15. Rfe1 Nbd7 16. Qe3 c5 17. e5 cxd4 18. exd6 Qxc3 19. Qxc3 dxc3 20. dxe7 Rfe8
21. Ba4 cxb2 22. Bxf6 Bxf6 23. Bxd7 Rxe7 24. Rxe7 Bxe7 25. Rb1 Bxa3 0-1

[Event "DEM U14w 2009"]
[Site "Willingen GER"]
[Date "2009.06.02"]
[Round "4"]
[White "Schmitt, Katrin"]
[Black "Rahimi, Rozafa"]
[Result "1-0"]
[Termination "normal"]
[Board "8"]
[WhiteElo "1606"]
[BlackElo "1408"]
[PlyCount "105"]
[WhiteFideId "24654400"]
[BlackFideId "24692280"]
[EventCountry "GER"]
[EventRounds "9"]
[EventType "swiss"]
[EventDate "2009.05.30"]

1. e4 c5 2. Nf3 d6 3. c4 Bg4 4. Be2 Nf6 5. Nc3 Nc6 6. O-O e6 7. b3 Be7 8. Bb2
O-O 9. d3 d5 10. exd5 exd5 11. Re1 d4 12. Nb1 Qd6 13. Nbd2 Bd8 14. Nf1 Bc7 15.
Ng3 Rfe8 16. h3 Bxf3 17. Bxf3 Rxe1+ 18. Qxe1 Re8 19. Qd2 Re6 20. Bxc6 Qxc6 21.
Re1 Bxg3 22. fxg3 Rxe1+ 23. Qxe1 Qe6 24. Qxe6 fxe6 25. Kf2 e5 26. Kf3 Kf7 27.
Bc1 h6 28. Ba3 b6 29. b4 Nd7 30. bxc5 bxc5 31. Ke4 Ke6 32. g4 g6 33. Bc1 g5 34.
Ba3 Nf6+ 35. Kf3 Kd6 36. Bc1 Ke6 37. h4 Nh7 38. hxg5 hxg5 39. Bd2 Kd7 40. Ba5
Kd6 41. Ke4 Ke6 42. Bc7 Nf6+ 43. Kf3 Nh7 44. Bb8 a6 45. Ba7 Nf6 46. Bxc5 e4+
47. dxe4 d3 48. Bd4 Nd7 49. Bc3 Nc5 50. Ke3 Kd6 51. Bb4 Kc6 52. Bxc5 Kxc5 53.
Kxd3 1-0

[Event "DEM U14w 2009"]
[Site "Willingen GER"]
[Date "2009.06.02"]
[Round "4"]
[White "Düssler, Stefanie"]
[Black "Röhlich, Anna"]
[Result "1-0"]
[Termination "normal"]
[Board "9"]
[WhiteElo "1681"]
[BlackElo "1175"]
[PlyCount "79"]
[WhiteFideId "4634780"]
[EventCountry "GER"]
[EventRounds "9"]
[EventType "swiss"]
[EventDate "2009.05.30"]

1. e4 e6 2. d4 d5 3. Nc3 dxe4 4. Nxe4 Nd7 5. Nf3 Ngf6 6. Ng3 c5 7. Be2 Be7 8.
O-O O-O 9. b3 b6 10. Bb2 Bb7 11. c4 Rc8 12. Qc2 h6 13. Rfd1 Rc7 14. Ne5 Ne8 15.
Bd3 Nef6 16. Rd2 Kh8 17. Rad1 Qe8 18. Ne4 Nxe4 19. Bxe4 Bxe4 20. Qxe4 Nf6 21.
Qf4 Rc8 22. Qf3 Rc7 23. d5 exd5 24. cxd5 Bd6 25. Nc4 Qd8 26. Bxf6 gxf6 27. Qh5
Kh7 28. Qf5+ Kh8 29. Ne3 Rg8 30. Ng4 Rg6 31. h3 Qd7 32. Qf3 Kg7 33. Re2 Rc8 34.
Rde1 Qd8 35. Ne3 Qd7 36. Nf5+ Kh7 37. Nh4 Rg7 38. Qf5+ Qxf5 39. Nxf5 Rg5 40.
Nxd6 1-0

[Event "DEM U14w 2009"]
[Site "Willingen GER"]
[Date "2009.06.02"]
[Round "4"]
[White "Puffay, Jana"]
[Black "Tran, My Linh"]
[Result "0-1"]
[Termination "normal"]
[Board "10"]
[WhiteElo "1204"]
[BlackElo "1813"]
[PlyCount "64"]
[WhiteFideId "24692360"]
[BlackFideId "24682462"]
[EventCountry "GER"]
[EventRounds "9"]
[EventType "swiss"]
[EventDate "2009.05.30"]

1. e4 e5 2. Nf3 Nc6 3. Bc4 Bc5 4. c3 Nf6 5. d3 a6 6. Bb3 Ba7 7. Nbd2 d6 8. O-O
O-O 9. h3 Ne7 10. Re1 Ng6 11. Nf1 Nh5 12. d4 Qe8 13. N1h2 Nhf4 14. Bxf4 Nxf4
15. dxe5 dxe5 16. Ng4 Bxg4 17. hxg4 Rd8 18. Qc2 Nd3 19. Re2 Qe7 20. Rd1 Nc5 21.
Red2 Rxd2 22. Rxd2 c6 23. Bc4 Qf6 24. b4 Ne6 25. Rd7 Nd8 26. Qd3 Bb6 27. Bb3
Qf4 28. c4 Qc1+ 29. Kh2 Bxf2 30. Qd2 Qxd2 31. Rxd2 Ba7 32. Nxe5 Bb8 0-1

[Event "DEM U14w 2009"]
[Site "Willingen GER"]
[Date "2009.06.02"]
[Round "4"]
[White "Berger, Nadja"]
[Black "Polert, Annika"]
[Result "1-0"]
[Termination "normal"]
[Board "11"]
[WhiteElo "1598"]
[BlackElo "1487"]
[PlyCount "71"]
[WhiteFideId "24692212"]
[BlackFideId "24692328"]
[EventCountry "GER"]
[EventRounds "9"]
[EventType "swiss"]
[EventDate "2009.05.30"]

1. e4 e6 2. d4 d5 3. Nc3 dxe4 4. Nxe4 Nf6 5. Bd3 Nbd7 6. Qe2 Nxe4 7. Bxe4 c6 8.
Nf3 Nf6 9. Bd3 Bd6 10. h4 Qe7 11. c3 Bd7 12. a4 h6 13. Bd2 Nd5 14. b4 Rc8 15.
Ne5 Nf6 16. Rh3 Rg8 17. h5 b6 18. a5 b5 19. Rc1 a6 20. Rg3 Qf8 21. Rf3 Kd8 22.
Bxh6 gxh6 23. Rxf6 Bxe5 24. dxe5 Rxg2 25. Qf3 Qg7 26. Qf4 Rg5 27. Be2 Ke7 28.
Rd1 c5 29. Rxd7+ Kxd7 30. Rxf7+ Qxf7 31. Qxf7+ Kd8 32. Qxe6 cxb4 33. cxb4 Rc1+
34. Kd2 Rb1 35. Qxh6 Rxe5 36. Qd6+ 1-0

[Event "DEM U14w 2009"]
[Site "Willingen GER"]
[Date "2009.06.02"]
[Round "4"]
[White "Liez, Franziska"]
[Black "Lange, Anika"]
[Result "1-0"]
[Termination "normal"]
[Board "12"]
[WhiteElo "1037"]
[BlackElo "1275"]
[PlyCount "81"]
[WhiteFideId "1271766"]
[BlackFideId "24693405"]
[EventCountry "GER"]
[EventRounds "9"]
[EventType "swiss"]
[EventDate "2009.05.30"]

1. e4 c5 2. Nf3 Nc6 3. d4 cxd4 4. Nxd4 g6 5. Nc3 Bg7 6. Be3 d6 7. Qd2 Nf6 8. f3
O-O 9. O-O-O Bd7 10. Kb1 a6 11. g4 b5 12. h4 b4 13. Nd5 Nxd4 14. Bxd4 a5 15.
Bb6 Qb8 16. Nxe7+ Kh8 17. Qxd6 Qxd6 18. Rxd6 Be6 19. h5 gxh5 20. gxh5 Nd7 21.
f4 Bf6 22. Bd4 Bxd4 23. Rxd4 Nc5 24. f5 Bd7 25. Rd5 Rfe8 26. Rxc5 Rxe7 27. Bd3
a4 28. Rc4 Rb8 29. b3 a3 30. Rd1 f6 31. c3 bxc3 32. Rxc3 Be8 33. Rh1 Bf7 34. h6
Rg8 35. b4 Rb7 36. b5 Ra8 37. Rc6 Ra4 38. Rc8+ Bg8 39. Rg1 Rb4+ 40. Ka1 Rb2 41.
Rgxg8# 1-0

[Event "DEM U14w 2009"]
[Site "Willingen GER"]
[Date "2009.06.02"]
[Round "4"]
[White "Ludwig, Maria"]
[Black "Schünemann, Anne"]
[Result "1-0"]
[Termination "normal"]
[Board "13"]
[WhiteElo "887"]
[BlackElo "1102"]
[PlyCount "89"]
[WhiteFideId "24655791"]
[EventCountry "GER"]
[EventRounds "9"]
[EventType "swiss"]
[EventDate "2009.05.30"]

1. e4 c6 2. d4 d5 3. Nd2 dxe4 4. Nxe4 Bf5 5. Ng3 Bg6 6. Nf3 Nd7 7. h4 h6 8. h5
Bh7 9. Bd3 Bxd3 10. Qxd3 e6 11. Bd2 Ngf6 12. O-O-O Bd6 13. Ne4 Nxe4 14. Qxe4
Qb6 15. g3 Nf6 16. Qe2 Nd5 17. Rh4 Be7 18. Rg4 Rg8 19. c4 f5 20. c5 Qa6 21.
Qxe6 Qc4+ 22. Bc3 Ne3 23. Qxc4 Nxc4 24. Rg6 b6 25. cxb6 axb6 26. Rxc6 Rxa2 27.
Rxc4 b5 28. Rc8+ Kf7 29. Ne5+ Ke6 30. Rxg8 b4 31. d5+ Kf6 32. Nd7+ Kf7 33.
Rxg7+ Ke8 34. Re1 Ra1+ 35. Kc2 Rxe1 36. Bxe1 Kxd7 37. Bxb4 Kd8 38. Bxe7+ Ke8
39. b4 Kd7 40. Bg5+ Kc8 41. Bxh6 Kb8 42. Bf4+ Kc8 43. h6 Kd8 44. h7 Ke8 45.
h8=Q# 1-0

[Event "DEM U14w 2009"]
[Site "Willingen GER"]
[Date "2009.06.02"]
[Round "5"]
[White "Schäfer, Daniela"]
[Black "Pohl, Theresa"]
[Result "0-1"]
[Termination "normal"]
[Board "1"]
[WhiteElo "1905"]
[BlackElo "1700"]
[PlyCount "46"]
[WhiteFideId "4624769"]
[EventCountry "GER"]
[EventRounds "9"]
[EventType "swiss"]
[EventDate "2009.05.30"]

1. e4 e6 2. d4 d5 3. Nd2 Nf6 4. e5 Nfd7 5. Bd3 c5 6. c3 Nc6 7. Ndf3 cxd4 8.
cxd4 Qb6 9. Ne2 f6 10. exf6 Nxf6 11. O-O Bd6 12. Re1 O-O 13. Nc3 Kh8 14. Na4
Qc7 15. Bd2 Ng4 16. h3 Bh2+ 17. Kf1 Nxf2 18. Kxf2 Qg3+ 19. Kf1 Nxd4 20. Re3 e5
21. Bb4 Bxh3 22. Qd2 Rxf3+ 23. Rxf3 Qxf3+ 0-1

[Event "DEM U14w 2009"]
[Site "Willingen GER"]
[Date "2009.06.02"]
[Round "5"]
[White "Rethmann, Kristin"]
[Black "Schmalhorst, Sophia"]
[Result "1-0"]
[Termination "normal"]
[Board "2"]
[WhiteElo "1748"]
[BlackElo "1843"]
[PlyCount "59"]
[WhiteFideId "24655805"]
[BlackFideId "24682497"]
[EventCountry "GER"]
[EventRounds "9"]
[EventType "swiss"]
[EventDate "2009.05.30"]

1. d4 c5 2. Nf3 cxd4 3. Nxd4 Nf6 4. Nc3 Nc6 5. e4 d6 6. f3 a6 7. Be3 e6 8. Qd2
Be7 9. O-O-O O-O 10. g4 Qc7 11. h4 b5 12. h5 Bd7 13. g5 Ne8 14. g6 Bf6 15. h6
fxg6 16. hxg7 Bxg7 17. Qh2 Kf7 18. Bh6 Bxh6+ 19. Qxh6 Rh8 20. Nxc6 Qxc6 21. Bd3
e5 22. f4 Nc7 23. Qg5 Rae8 24. f5 d5 25. exd5 Nxd5 26. Nxd5 e4 27. fxg6+ Qxg6
28. Qxg6+ Kxg6 29. Be2 Kf7 30. Bh5+ 1-0

[Event "DEM U14w 2009"]
[Site "Willingen GER"]
[Date "2009.06.02"]
[Round "5"]
[White "Kühnel, Lena"]
[Black "Kuckling, Hannah"]
[Result "1-0"]
[Termination "normal"]
[Board "3"]
[WhiteElo "1728"]
[BlackElo "1525"]
[PlyCount "75"]
[WhiteFideId "24640956"]
[BlackFideId "24603660"]
[EventCountry "GER"]
[EventRounds "9"]
[EventType "swiss"]
[EventDate "2009.05.30"]

1. e4 Nf6 2. e5 Nd5 3. d4 d6 4. Nf3 Nc6 5. c4 Nb6 6. e6 f6 7. Nc3 Nb4 8. a3 Na6
9. d5 c6 10. Nh4 g6 11. Qd3 Rg8 12. Be2 Nc5 13. Qg3 Nxe6 14. dxe6 Bxe6 15. b3
Qc7 16. Bb2 O-O-O 17. a4 f5 18. a5 Nd7 19. Nf3 Bg7 20. Ng5 Nf8 21. Qe3 Bh6 22.
Nxe6 Bxe3 23. Nxc7 Bxf2+ 24. Kxf2 Kxc7 25. Rhf1 e5 26. Rad1 Ne6 27. Na4 Rd7 28.
c5 Nxc5 29. Nxc5 dxc5 30. Bxe5+ Kc8 31. Rxd7 Kxd7 32. Rd1+ Kc8 33. g4 Rf8 34.
Kg3 Re8 35. Kf4 Rf8 36. gxf5 Rxf5+ 37. Ke4 h5 38. Bc4 1-0